The Sustainability yearbook 2012.
| Format: | Book |
|---|---|
| Published: |
[S.l]:
Sustainability Asset management (SAM),
2012.
|
| Subjects: |
| LEADER | 00386cam a2200121 7i4500 | ||
|---|---|---|---|
| 001 | 0000027814 | ||
| 005 | 20120607090000.0 | ||
| 090 | 0 | 0 | |a I 338.9 |b SUS |
| 245 | 0 | 4 | |a The Sustainability yearbook 2012. |
| 260 | 0 | 0 | |a [S.l]: |b Sustainability Asset management (SAM), |c 2012. |
| 300 | # | # | |a 126 p. |
| 650 | 0 | 0 | |a Sustainable development -- |x Yearbooks |
| 999 | |a 0000030272 |b Book |c International |e Business Information Centre | ||